00365nam a22001337a 450000500170000000800410001704100120005808200120007010000120008224500310009426000520012530000290017765000250020620240805144642.0240805b |||||||| |||| 00| 0 eng d aEnglish a349 SOU lEnglish aSouth African Law Reports  aCape Town: bJuta and Company Ltd, c1929 - 32  bvii, 93 pages; c25 cm.  aLegal practice bLaw